000 00820nam a2200229 a 4500
001 1469
003 BR-CuiBMT
005 20231211203407.0
008 231211s2014 scba 000 0 por d
040 _aBR-CuiBMT
_cBR-CuiBMT
080 _22007
_a342.8
_x(816.4)
_x(094)
_x"2014"
090 _a342.8(816.4)(094)"2014"
_bS231l
110 _aSanta Catarina
_bTribunal Regional Eleitoral
245 _aLex eleitoral :
_beleições 2014 /
_cTribunal Regional Eleitoral de Santa Catarina.
260 _aFlorianópolis :
_bSecretária judiciária / coordenadoria de gestão da informação,
_c2014.
300 _a480 p.:
_bil.
_c23 cm
610 _bTribunal regional eleitoral
_aSanta Catarina
650 _aEleições
_xlegislação
650 _aLegislação eleitoral
650 _aEleições
_y2014
_zBrasil
942 _2udc
_cLV
999 _c1469
_d1469